Comedy Movies by Scene Description - Statistics

General Stats
  • This quiz has been taken 45 times
  • The average score is 7 of 15
Answer Stats
Scene Movie % Correct
Burglar shrieks loudly after a child puts a spider on his face Home Alone
95%
Schoolchildren learn how to "stick it to the man" from their musical substitute teacher School of Rock
71%
Dorky kid shows off his suspicious, monomynous fake ID Superbad
68%
Suave media personality accidentally cusses to his city on the air Anchorman
63%
Famous basketball player poses as an airline pilot Airplane!
59%
A group of knights block off people by shouting nonsensical sacred words Monty Python and the Holy Grail
51%
When his disguise is destroyed, a man masks his face with a cream pie Mrs. Doubtfire
51%
A fake national anthem is sang by a European journalist at a rodeo event Borat
49%
In the midst of a heated argument, a girl is hit by a bus Mean Girls
46%
Magazine editor sarcastically praises employee for suggesting floral printed clothes The Devil Wears Prada
44%
Race-and-gender swapping agents dance off to "It's Tricky" in the club White Chicks
41%
Australian actor in blackface lectures fellow actor on portraying disabled people Tropic Thunder
39%
Princess does a matrix-style attack against the Merry Men Shrek
32%
Man dumps pig waste into a lake The Simpsons Movie
32%
Paranormal woman makes a guy in bed cross-eyed Ghostbusters
7%
No matching quizzes found
Score Distribution
Percent of People with Each Score
Percentile by Number Answered
Your Score History
You have not taken this quiz